00466nam a2200169Ia 450000500170000000800410001702000180005808200230007610000160009924500410011526000330015630000140018944000090020350000270021265000260023985600310026520241025164606.0240126s9999 xx 000 0 und d a9788174466204 a658.3153 SIN;1 R aSingh, B D. 0aIndustrial relations and labour laws bExcel BooksaBangalorec2008 aviii, 558 aNULL aContent page available arelations,labour,laws udigital/contents/50355.pdf